Proyecto hombre: un programa terapéutico para drogodependientes.
Saved in:
| Hovedforfatter: | |
|---|---|
| Format: | Bog |
| Sprog: | spansk |
| Udgivet: |
Bilbao, España
Mensajero
1995
|
| Serier: | Colección Bolsillo Mensajero. Sección Psicología.
143 |
| Fag: | |
| Tags: |
Tilføj Tag
Ingen Tags, Vær først til at tagge denne postø!
|
MARC
| LEADER | 00000nam a2200000 a 4500 | ||
|---|---|---|---|
| 001 | UCP8458 | ||
| 003 | CL-VaPUC | ||
| 005 | 20240930160402.0 | ||
| 008 | 000303e19950000SP |||||||||||||||||spa|d | ||
| 999 | |c 285354 |d 285352 | ||
| 040 | |c Pontificia Universidad Católica de Valparaíso | ||
| 082 | 0 | 4 | |a 362.29 PIC 1995 |2 21 |
| 100 | 0 | |a Picchi, Mario |9 438426 | |
| 245 | 1 | 0 | |a Proyecto hombre: un programa terapéutico para drogodependientes. |
| 260 | 0 | 3 | |a Bilbao, España |b Mensajero |c 1995 |
| 300 | |a 135 páginas. | ||
| 490 | 0 | |a Colección Bolsillo Mensajero. Sección Psicología. |v 143 | |
| 583 | |a last modification |c 20000303 00:00:00 |k Rodrigo Vera | ||
| 650 | 7 | |a TOXICOLOGIA |2 CL-VaPUC |9 306970 | |
| 650 | 0 | |a Abuso de drogas |9 254876 | |
| 650 | 0 | |a Terapia |9 334442 | |
| 650 | 0 | |a Drogadicción |9 331967 | |
| 650 | 7 | |a PERTURBACIONES MENTALES |2 CL-VaPUC |9 354437 | |
| 650 | 7 | |a NARCOTICOS |2 CL-VaPUC |9 307602 | |
| 942 | |c BK |2 ddc | ||
| 945 | |d 20000303 00:00:00 |a rbrito | ||
| 952 | |0 0 |1 0 |2 ddc |4 0 |6 362_290000000000000_PIC_1995 |7 0 |8 P |9 329901 |a BIBEDU |b BIBEDU |c BIBEDU_PB |d 2019-11-20 |i 3596419 |o 362.29 PIC 1995 |p 3596419 |r 2024-01-25 |t 1 |w 2019-11-20 |y BK |k EPE | ||